Declaración universal de derechos lingüísticos / Comité de Seguimiento
Publicado:
[Barcelona :
Comité de Seguimiento de la Declaración Universal de Derechos Lingüísticos], cop. 1998
Descripción Física:
81 p. ; 30 cm
MARC
| LEADER | 00000nam a2200000Ia 4500 | ||
|---|---|---|---|
| 001 | 12095 | ||
| 008 | 160829s9999 xx 000 0 cat d | ||
| 080 | |a L-1-3 | ||
| 245 | |a Declaración universal de derechos lingüísticos / Comité de Seguimiento | ||
| 250 | |a Ed. no venal | ||
| 260 | |a [Barcelona : |b Comité de Seguimiento de la Declaración Universal de Derechos Lingüísticos], cop. 1998 | ||
| 300 | |a 81 p. ; |c 30 cm | ||
| 590 | |a Aquesta declaració universal és fruit de la Conferència Mundial de Drets Lingüístics (CMDL) que va tenir lloc a Barcelona els dies 6 al 8 de juny de 1996. | ||
| 590 | |a Altres exemplars en català, anglès i francès: L-1-2, L-1-4, L-1-5 | ||
| 650 | |a Minories lingüístiques |x Aspectes polítics |9 35867 | ||
| 650 | |a Llengües |x Aspectes polítics |9 35868 | ||
| 650 | 0 | |a Drets civils |9 35869 | |
| 700 | |a Comitè de Seguiment de la Declaració Universal de Drets Lingüístics |9 35870 | ||
| 700 | |a Conferència Mundial de Drets Lingüístics (1996 : Barcelona) |9 35871 | ||
| 901 | |a Arxiu | ||
| 942 | |n 1 | ||
| 952 | |0 0 |1 0 |4 0 |6 L13 |7 1 |9 47400 |a Arxiu |b Arxiu |d 2016-12-01 |l 0 |o L-1-3 |p 12095 |r 2016-12-01 00:00:00 |w 2016-12-01 |y ARXIU | ||
| 999 | |c 51198 |d 51198 | ||